1474 1467 1376 1570 1316 1825 1957 1454 1276 1201 1567 1973 1750 1612 1737 1769 1368 1005 1078 1039 1808 1197 1543 1565 1701 1635 1840 1825 1511 1833 1220 1459 1838 1333 1039 1310 1237 1611 1158 1599 1942 1126 1840 1371 1387 1599 1806 1195 1523 1558 1901 1409 1376 1918 1196 1393 1750 1920 1471 1941 1495 1466 1599 1944 1190 1684 1370 1229 1113 1280 1664 1447 1192 1003 1659 1522 1485 1455 1649 1205 1901 1931 1982 1016 1306 1404 1970 1384 1219 1825 1332 1031 1335 1901 1885 1824 1994 1055 1913 BCNSPRNW ULIB Ver.6.0+V

เปลี่ยนเป็นภาษาไทย

Change to English
 แสดงรายละเอียดบรรณานุกรม
  กลับหน้าหลัก

Brief Record : Get Marc (ISO 2709) : E-mail record : QR code < ปิดหน้าต่าง
LEADER : 00000nam 2200000uu 4500
001    13399121478
003     ULIB
008    121121s2552||||th 000 0 tha d
020    ^a9786115120246
050 04 ^aTT896.5^bบ668ศ
100 0  ^aบุษรัตน์ ตันกิตติกร
245 10 ^aศิลปะประดิษฐ์เทียนหอม ขนมไทย ของหวาน /^cบุษรัตน์ ตันกิตติกร
250    ^aพิมพ์ครั้งที่ 1
260    ^aกรุงเทพฯ :^bวาดศิลป์,^c2552
300    ^a64 หน้า :^bภาพประกอบ ;^c26 ซม
440  0 ^aโครงการหนังสือส่งเสริมวิชาชีพธุรกิจ
650  7 ^aการประดิษฐ์ด้วยเทียน
650  7 ^aการประดิษฐ์ด้วยแวกซ์
945    ^p160^l0^i16868
995    ^aวิภา
999 ^a ทศพร
รายการนี้ยังไม่มีแท็ก
คุณยังไม่ได้ล็อกอิน คุณสามารถมีกิจกรรมร่วมกับเว็บไซต์ได้ แต่ต้องล็อกอินก่อน ::
  ล็อกอิน

รายการสื่อสารสนเทศ

ลำดับที่ ประเภท เลขเรียก/บาร์โค้ด สถานที่ สถานะ
1. วิทยาศาสตร์การแพทย์ และสุขภาพ
วิทยาศาสตร์การแพทย์ และสุขภาพ
TT896.5 บ668ศ  
  Barcode: 16868
ห้องสมุดวิทยาเขตสวรรค์ประชารักษ์
►หนังสือทั่วไป
บนชั้น

รายการใกล้เคียง
    ผู้แต่ง [บุษรัตน์ ตันกิตติกร]

    หัวเรื่อง [การประดิษฐ์ด้วยเทียน]
    หัวเรื่อง [การประดิษฐ์ด้วยแวกซ์]

BibComment


ยังไม่เคยถูกคอมเมนท์

คอมเมนท์ทรัพยากรรายการนี้
  คอมเมนท์: ศิลปะประดิษฐ์เที..


 Copyright 2026. Bcnsprnw @Library